Webová aplikácia pre obchodovanie

Saved in:
Bibliographic Details
Main Author: Vachanová, Tamara (Author)
Other Authors: Čavojský, Maroš (Thesis advisor)
Format: Manuscript Book
Language:Slovak
Published: Bratislava : STU v Bratislave FEI, 2025
Subjects:
Online Access:https://opac.crzp.sk/?fn=detailBiblioFormChildKBE7VO&sid=8D80AD18777FCC7F64B2B64DC29E&seo=CRZP-detail-kniha
Tags: Add Tag
No Tags, Be the first to tag this record!

MARC

LEADER 00000ntm a22000003a 4500
001 stuzp103071
003 SK-STU
005 20260127155207.0
007 ta
008 150427s2015----xo-----f-mn---000-0-slo-d
040 |a STU  |b slo 
041 0 |a slo 
044 |a xo 
100 1 |a Vachanová, Tamara  |u 035000  |4 aut  |U FEI Fakulta elektrotechniky a informatiky  |T FEI Ústav informatiky a matematiky  |X 120498  |U E050  |Y 816  |7 120498 
242 0 1 |a Webapp for trading  |y eng 
245 1 0 |a Webová aplikácia pre obchodovanie 
260 |a Bratislava :  |b STU v Bratislave FEI,  |c 2025 
300 |a 57 s. 
650 4 |a webová aplikácia  |2 slo 
650 4 |a algoritmické obchodovanie  |2 slo 
650 4 |a vizualizácia dát  |2 slo 
650 4 |a analýza dát  |2 slo 
650 4 |a web application  |2 eng 
650 4 |a algorithmic trading  |2 eng 
650 4 |a data visualization  |2 eng 
650 4 |a data analysis  |2 eng 
700 1 |a Čavojský, Maroš  |u 035000  |k Z1  |4 ths  |U FEI Fakulta elektrotechniky a informatiky  |T FEI Ústav informatiky a matematiky  |X 64790  |U E050  |Y 816  |7 A000064790 
856 4 |u https://opac.crzp.sk/?fn=detailBiblioFormChildKBE7VO&sid=8D80AD18777FCC7F64B2B64DC29E&seo=CRZP-detail-kniha